Statistics for States that are Landlocked

Click here to take the quiz!

General Stats

  • This quiz has been taken 18 times
  • The average score is 12 of 16

Answer Stats

HintAnswer% Correct
MMontana
89%
AArkansas
83%
KKentucky
83%
NNevada
78%
PPennsylvania
78%
TTennessee
78%
VVermont
78%
IIdaho
72%
MMinnesota
72%
NewNew Mexico
72%
OOhio
72%
WWest Virginia
72%
AArizona
67%
OOklahoma
67%
MMichigan
61%
NorthDakota
33%

Score Distribution

Percentile by Number Answered

Percent of People with Each Score

Your Score History

You have not taken this quiz